| 000 | 00475nam a2200157 4500 | ||
|---|---|---|---|
| 001 | 108456 | ||
| 003 | ES-MaACL | ||
| 005 | 20230906184638.0 | ||
| 007 | t| | ||
| 008 | 061121s1972 sp r ||||1| spa d | ||
| 100 | 1 |
_aMonedero Gil, Carmelo. _982159 |
|
| 245 | 1 | 0 |
_aPsicología evolutiva y sus manifestaciones psicopatológicas / _cCarmelo Monedero Gil. |
| 260 |
_aMadrid : _bBiblioteca Nueva, _c1972. |
||
| 300 |
_a479 p. ; _c24 cm. |
||
| 852 |
_aES-MaACL _jC-43996 _bR.83938 |
||
| 999 |
_c108456 _d108456 |
||